| 000 | 005000000a22001810004500 | ||
|---|---|---|---|
| 003 | MACL | ||
| 005 | 20160401141929.0 | ||
| 008 | 160401b xxu||||| |||| 00| 0 eng d | ||
| 040 |
_aMACL _cMACL |
||
| 041 | _aHindi | ||
| 082 | _a330 | ||
| 100 |
_aप्रो श्रीकान्त प्रसून _920220 |
||
| 245 | _aदंश | ||
| 260 |
_aदिल्ली _bसुधा प्रकाशन _c2010 |
||
| 350 | _a130 | ||
| 650 |
_aEconomics _949675 |
||
| 942 |
_cHIN _k330 _2ddc |
||
| 999 |
_c46870 _d46870 |
||